[Event "Baden-ch Seniors"]
[Site "Birkenfeld"]
[Date "2013.05.26"]
[Round "2"]
[White "Woisetschlaeger, Adolf"]
[Black "Bartle, Georg"]
[Result "0-1"]
[WhiteElo "2003"]
[BlackElo "1785"]
[PlyCount "74"]
[EventDate "2013.05.25"]
[EventType "swiss"]
[EventRounds "9"]
[EventCountry "GER"]
[SourceTitle "EXT 2014"]
[Source "ChessBase"]
[SourceDate "2013.11.20"]
[SourceVersion "1"]
[SourceVersionDate "2013.11.20"]
[SourceQuality "1"]

1. c4 f5 2. g3 Nf6 3. Bg2 g6 4. Nf3 Bg7 5. 0-0 0-0 6. Nc3 d6 7. d4 c6 8. Re1 Nh5 9. e3 Qe8 10. Bd2 h6 11. h4 Qf7 12. b3 e5 13. dxe5 dxe5 14. Nh2 Na6 15. Bf3 Nf6 16. Rb1 Be6 17. Be2 Rad8 18. Qc1 Nc5 19. f3 Kh7 20. Kg2 Rd6 21. Rd1 Rfd8 22. Be1 Nd3 23. Bxd3 Rxd3 24. Rxd3 Rxd3 25. Kf2 e4 26. Ke2 Qd7 27. Rb2 exf3+ 28. Nxf3 Ne4 29. Rc2 Bxc3 30. Bxc3 Nxg3+ 31. Ke1 Qe7 32. Ne5 Rd8 33. Rg2 Qxh4 34. Nf3 Qh1+ 35. Rg1 Qxf3 36. Rxg3 Qxg3+ 37. Ke2 Qg2+ 0-1

[Event "Baden-ch Seniors"]
[Site "Emmendingen"]
[Date "2012.06.09"]
[Round "8"]
[White "Papa, Heiner"]
[Black "Bartle, Georg"]
[Result "1-0"]
[WhiteElo "1813"]
[BlackElo "1786"]
[PlyCount "73"]
[EventDate "2012.06.02"]
[EventType "swiss"]
[EventRounds "9"]
[EventCountry "GER"]
[SourceTitle "CBM 148 Extra"]
[Source "ChessBase"]
[SourceDate "2012.06.22"]
[SourceVersion "1"]
[SourceVersionDate "2012.06.22"]
[SourceQuality "1"]

1. Nc3 f5 2. e4 d6 3. Bc4 Nf6 4. d3 e5 5. Nf3 h6 6. exf5 Bxf5 7. Qe2 Nc6 8. a3 Bg4 9. Be3 Be7 10. h3 Bh5 11. g4 Bg6 12. Nh4 Bh7 13. Nf5 Bf8 14. f4 Qd7 15. fxe5 Nxe5 16. Bb3 0-0-0 17. Nd4 Bg8 18. Bxg8 Rxg8 19. 0-0-0 Nc6 20. Nxc6 Qxc6 21. Qf2 a6 22. Bxh6 g6 23. Bg5 Bh6 24. Bxh6 Nxg4 25. hxg4 g5 26. Qf5+ Kb8 27. Nd5 Rde8 28. Nf6 Re2 29. d4 Rh8 30. d5 Qb5 31. Qd3 Qxd3 32. cxd3 Kc8 33. Bxg5 Rf8 34. Rde1 Rg2 35. Rh7 Rf2 36. Re8+ Rxe8 37. Nxe8 1-0

[Event "Baden-ch Seniors"]
[Site "Emmendingen"]
[Date "2012.06.06"]
[Round "5"]
[White "Schumacher, Ursula"]
[Black "Bartle, Georg"]
[Result "0-1"]
[WhiteElo "1674"]
[BlackElo "1786"]
[PlyCount "58"]
[EventDate "2012.06.02"]
[EventType "swiss"]
[EventRounds "9"]
[EventCountry "GER"]
[SourceTitle "CBM 148 Extra"]
[Source "ChessBase"]
[SourceDate "2012.06.22"]
[SourceVersion "1"]
[SourceVersionDate "2012.06.22"]
[SourceQuality "1"]

1. c4 f5 2. f4 Nf6 3. Nf3 g6 4. Nc3 c6 5. d3 Bg7 6. Bd2 0-0 7. e3 d6 8. d4 Qe8 9. Be2 Nbd7 10. 0-0 e5 11. fxe5 dxe5 12. b4 exd4 13. exd4 h6 14. Rb1 g5 15. Re1 Qf7 16. a3 Re8 17. Qc2 Ne4 18. Bd3 g4 19. Ne5 Nxe5 20. Nxe4 Nxd3 21. Qxd3 fxe4 22. Qc3 b6 23. Be3 c5 24. Qd2 cxd4 25. Bxd4 Rd8 26. Rxe4 Bf5 27. Rf1 Qd7 28. Ref4 Bxd4+ 29. Rxd4 Qxd4+ 0-1

[Event "GER-ch Seniors 22nd"]
[Site "Berlin"]
[Date "2010.08.21"]
[Round "6"]
[White "Thonig, Manfred"]
[Black "Bartle, Georg"]
[Result "1/2-1/2"]
[WhiteElo "1588"]
[BlackElo "1678"]
[PlyCount "122"]
[EventDate "2010.08.16"]
[EventType "swiss"]
[EventRounds "9"]
[EventCountry "GER"]
[SourceTitle "CBM 138 Extra"]
[Source "ChessBase"]
[SourceDate "2010.10.29"]
[SourceVersion "1"]
[SourceVersionDate "2010.10.29"]
[SourceQuality "1"]

1. f4 f5 2. e4 e6 3. e5 d6 4. Nf3 g6 5. d4 Bg7 6. c4 c6 7. Bd2 Nh6 8. Be2 Nf7 9. 0-0 0-0 10. Nc3 b6 11. Qe1 Bb7 12. Rd1 Qe7 13. a3 Na6 14. Qg3 Rfd8 15. Qh3 Qf8 16. b4 Nc7 17. exd6 Rxd6 18. Be3 Nh6 19. Ne5 Nf7 20. c5 bxc5 21. bxc5 Rdd8 22. Rf3 Nxe5 23. fxe5 Ba6 24. Bxa6 Nxa6 25. Bg5 Rd7 26. Ne4 Bxe5 27. Bh6 Bg7 28. Bxg7 Qxg7 29. Nd6 Nc7 30. Rf4 Ne8 31. Nxe8 Rxe8 32. Qe3 g5 33. Rxf5 h6 34. Re5 Qg6 35. Re1 Rde7 36. Qf3 Rc7 37. R1e4 Qf7 38. Qh3 Qf6 39. Rxe6 Rxe6 40. Qxe6+ Kg7 41. Qxf6+ Kxf6 42. g4 Rb7 43. Re3 Rb1+ 44. Kg2 Rd1 45. Rf3+ Ke7 46. Re3+ Kf6 47. Rf3+ Kg7 48. Rb3 Rxd4 49. Rb7+ Kf6 50. h3 Rc4 51. Rxa7 Rxc5 52. a4 Rc2+ 53. Kg3 Rc3+ 54. Kg2 Ke6 55. a5 Rc2+ 56. Kf3 Rc3+ 57. Kg2 Kf6 58. a6 Ra3 59. Ra8 c5 60. a7 Kg7 61. Kh2 c4 1/2-1/2

[Event "GER-ch Seniors 22nd"]
[Site "Berlin"]
[Date "2010.08.19"]
[Round "4"]
[White "Girod, Gudrun"]
[Black "Bartle, Georg"]
[Result "0-1"]
[WhiteElo "1285"]
[BlackElo "1678"]
[PlyCount "72"]
[EventDate "2010.08.16"]
[EventType "swiss"]
[EventRounds "9"]
[EventCountry "GER"]
[SourceTitle "CBM 138 Extra"]
[Source "ChessBase"]
[SourceDate "2010.10.29"]
[SourceVersion "1"]
[SourceVersionDate "2010.10.29"]
[SourceQuality "1"]

1. d4 f5 2. c4 Nf6 3. e3 g6 4. Nf3 Bg7 5. Be2 0-0 6. Nc3 d6 7. b3 Qe8 8. Bb2 h6 9. h3 c6 10. 0-0 e5 11. dxe5 dxe5 12. Qc2 Nh5 13. Rad1 Na6 14. Ba3 Rf7 15. b4 Nc7 16. Bb2 Rd7 17. Rxd7 Bxd7 18. Rd1 Rd8 19. a3 g5 20. Nh2 f4 21. Bg4 Nf6 22. Bxd7 Rxd7 23. e4 Qe6 24. Rxd7 Qxd7 25. f3 Qd4+ 26. Kh1 Qxc4 27. Ng4 Nh5 28. Qd1 Ne6 29. Ne2 Nd4 30. Nxd4 exd4 31. e5 d3 32. Qd2 Ng3+ 33. Kg1 Ne2+ 34. Kh2 Qc2 35. Qxc2 dxc2 36. Nf2 Bxe5 0-1

[Event "GER-ch Seniors 22nd"]
[Site "Berlin"]
[Date "2010.08.16"]
[Round "1"]
[White "Jacob, Helmut"]
[Black "Bartle, Georg"]
[Result "1-0"]
[WhiteElo "2009"]
[BlackElo "1678"]
[PlyCount "95"]
[EventDate "2010.08.16"]
[EventType "swiss"]
[EventRounds "9"]
[EventCountry "GER"]
[SourceTitle "CBM 138 Extra"]
[Source "ChessBase"]
[SourceDate "2010.10.29"]
[SourceVersion "1"]
[SourceVersionDate "2010.10.29"]
[SourceQuality "1"]

1. e4 d5 2. exd5 Qxd5 3. Nc3 Qa5 4. d4 c6 5. Nf3 Nf6 6. Ne5 Nbd7 7. Nc4 Qc7 8. Qf3 e6 9. Bf4 Qd8 10. 0-0-0 Nb6 11. Ne5 Be7 12. Kb1 0-0 13. Ne4 Nxe4 14. Qxe4 Nd5 15. Bc1 Qb6 16. Qf3 a5 17. c4 Nf6 18. g4 Nd7 19. Nxd7 Bxd7 20. Bd3 Bf6 21. Bc2 a4 22. g5 Be7 23. Qd3 g6 24. h4 Qd8 25. f4 b5 26. h5 Qe8 27. Rh2 bxc4 28. Qxc4 c5 29. dxc5 Rc8 30. Qd4 Bc6 31. Qe5 Bf3 32. hxg6 fxg6 33. Qxe6+ Rf7 34. Rf1 Bc6 35. Qe5 Qf8 36. Bxg6 Rg7 37. Bd3 Be8 38. Bd2 Rxc5 39. Qd4 Bg6 40. Bxg6 hxg6 41. Bc3 Bxg5 42. Qxg7+ Qxg7 43. Bxg7 Kxg7 44. fxg5 Rxg5 45. Rh4 Ra5 46. a3 g5 47. Rb4 Kg6 48. Rc1 1-0

[Event "Baden-chB"]
[Site "Haslach im Kinzigtal"]
[Date "2010.06.03"]
[Round "4"]
[White "Bartle, Georg"]
[Black "Eble, Wilhelm"]
[Result "1-0"]
[WhiteElo "1803"]
[BlackElo "1717"]
[PlyCount "99"]
[EventDate "2010.05.31"]
[EventType "tourn"]
[EventRounds "7"]
[EventCountry "GER"]
[SourceTitle "EXT 2011"]
[Source "ChessBase"]
[SourceDate "2010.11.26"]
[SourceVersion "1"]
[SourceVersionDate "2010.11.26"]
[SourceQuality "1"]

1. b4 d6 2. c4 Nf6 3. Bb2 a6 4. e3 g6 5. Nf3 Bg7 6. Be2 0-0 7. 0-0 b6 8. d4 Nbd7 9. Nbd2 Bb7 10. Qb3 a5 11. b5 e5 12. d5 Nc5 13. Qc2 Bc8 14. e4 Nh5 15. Nb3 Nb7 16. Bc1 a4 17. Nbd2 Nf4 18. Re1 f5 19. Bf1 Nc5 20. Ba3 Nxe4 21. Nxe4 fxe4 22. Nd2 Bf5 23. Nxe4 Rf7 24. f3 Qe7 25. Rab1 h5 26. Bc1 g5 27. g3 Ng6 28. Bd3 Bxe4 29. Bxe4 Nf8 30. Rb4 h4 31. Rxa4 Rxa4 32. Qxa4 Nd7 33. Qc2 Nc5 34. Bf5 Kh8 35. g4 Bh6 36. Re3 Qf6 37. a4 Bg7 38. Bb2 Rf8 39. Ra3 Nb7 40. Bc3 Ra8 41. a5 Nxa5 42. Qd2 Re8 43. Bxa5 Ra8 44. Bb4 Rxa3 45. Bxa3 e4 46. fxe4 Qa1+ 47. Bc1 Qd4+ 48. Qxd4 Bxd4+ 49. Kg2 Kg7 50. Bxg5 1-0

[Event "EU-ch Seniors 07th"]
[Site "Hockenheim"]
[Date "2007.06.07"]
[Round "6"]
[White "Bartle, Georg"]
[Black "Schwichtenberg, Juergen"]
[Result "1/2-1/2"]
[WhiteElo "1724"]
[BlackElo "1911"]
[PlyCount "88"]
[EventDate "2007.06.02"]
[EventType "swiss"]
[EventRounds "9"]
[EventCountry "GER"]
[SourceTitle "CBM 118 Extra"]
[Source "ChessBase"]
[SourceDate "2007.07.04"]
[SourceVersion "1"]
[SourceVersionDate "2007.07.04"]
[SourceQuality "1"]

1. b4 c6 2. c4 e6 3. Bb2 Nf6 4. a3 b6 5. e3 Be7 6. Nf3 0-0 7. Be2 d5 8. 0-0 Nbd7 9. d3 Bb7 10. Nbd2 Bd6 11. d4 Qb8 12. h3 Re8 13. Qc2 e5 14. dxe5 Nxe5 15. Rfe1 Ned7 16. Bd3 h6 17. e4 dxe4 18. Nxe4 c5 19. b5 Bxe4 20. Bxe4 Nxe4 21. Rxe4 Ne5 22. Nd2 Ng6 23. Nf3 Rxe4 24. Qxe4 Qe8 25. Qc2 Rd8 26. Re1 Qf8 27. g3 Re8 28. Rd1 Ne5 29. Nh4 Re6 30. f4 Ng6 31. f5 Nxh4 32. fxe6 Bxg3 33. Rf1 f6 34. Qe4 Qe7 35. Rd1 f5 36. Qc6 Qg5 37. Bc1 Bf4+ 38. Kf1 Bxc1 39. Qd5 Qf4+ 40. Ke1 Qe3+ 41. Kf1 Qxh3+ 42. Ke2 Qe3+ 43. Kf1 Qf4+ 44. Ke1 Nf3+ 1/2-1/2

[Event "Baden-ch AT1"]
[Site "Oberwinden"]
[Date "2007.04.11"]
[Round "8"]
[White "Bartle, Georg"]
[Black "Soavi, Carlo Maria"]
[Result "1/2-1/2"]
[WhiteElo "1724"]
[BlackElo "1457"]
[PlyCount "89"]
[EventDate "2007.04.06"]
[EventType "swiss"]
[EventRounds "11"]
[EventCountry "GER"]
[SourceTitle "CBM 117 Extra"]
[Source "ChessBase"]
[SourceDate "2007.05.09"]
[SourceVersion "1"]
[SourceVersionDate "2007.05.09"]
[SourceQuality "1"]

1. b4 e6 2. Bb2 Nf6 3. a3 b6 4. c4 Bb7 5. e3 c5 6. bxc5 Bxc5 7. d4 Be7 8. Nf3 0-0 9. Nbd2 d5 10. Be2 Nbd7 11. 0-0 Rc8 12. Qb3 dxc4 13. Bxc4 Ne4 14. Nxe4 Bxe4 15. Nd2 Bb7 16. Rfd1 Bh4 17. g3 Bf6 18. Bf1 e5 19. Bg2 Bxg2 20. Kxg2 exd4 21. Ne4 Nc5 22. Nxf6+ Qxf6 23. Qa2 Qc6+ 24. Kg1 dxe3 25. fxe3 Qe4 26. Bd4 Ne6 27. Rd2 Nxd4 28. exd4 Qe3+ 29. Kf1 Rfd8 30. Qb2 Rc6 31. Rad1 Qc3 32. Qa2 Qc4+ 33. Qxc4 Rxc4 34. Kf2 Rcc8 35. Ke3 Rc3+ 36. Rd3 Rxd3+ 37. Kxd3 Kf8 38. Re1 Re8 39. Rc1 a5 40. Rb1 Re6 41. a4 f5 42. Rc1 Kf7 43. Rc7+ Re7 44. Rc6 Re6 45. Rc7+ 1/2-1/2

[Event "Baden-ch AT1"]
[Site "Oberwinden"]
[Date "2007.04.11"]
[Round "7"]
[White "Dosch, Steffen"]
[Black "Bartle, Georg"]
[Result "1-0"]
[WhiteElo "1626"]
[BlackElo "1724"]
[PlyCount "79"]
[EventDate "2007.04.06"]
[EventType "swiss"]
[EventRounds "11"]
[EventCountry "GER"]
[SourceTitle "CBM 117 Extra"]
[Source "ChessBase"]
[SourceDate "2007.05.09"]
[SourceVersion "1"]
[SourceVersionDate "2007.05.09"]
[SourceQuality "1"]

1. b3 f5 2. Bb2 Nf6 3. Nf3 g6 4. e3 Bg7 5. d4 0-0 6. Bd3 d6 7. 0-0 Nbd7 8. c4 a5 9. Qc2 c6 10. Re1 Bh6 11. Nbd2 d5 12. h4 e6 13. Ba3 Re8 14. Ne5 Nxe5 15. dxe5 Ng4 16. Nf3 Bf8 17. Bb2 Be7 18. g3 h5 19. Rad1 Bb4 20. Re2 Qe7 21. Bd4 Bc5 22. cxd5 Bxd4 23. d6 Qg7 24. exd4 Bd7 25. Rb1 b5 26. a4 b4 27. Qd2 Nh6 28. Rc1 Nf7 29. Qf4 Nd8 30. Rec2 Nb7 31. Nd2 Kh7 32. Be2 Nd8 33. Bf3 Nf7 34. Bxc6 Bxc6 35. Rxc6 Qg8 36. Nf3 Rec8 37. Rc7 Rxc7 38. Rxc7 Kh8 39. Ng5 Nxg5 40. Qxg5 1-0

[Event "GER-chA Seniors 16th"]
[Site "Templin"]
[Date "2004.09.12"]
[Round "9"]
[White "Kraemer, Marianne"]
[Black "Bartle, Georg"]
[Result "1-0"]
[WhiteElo "1432"]
[BlackElo "1567"]
[PlyCount "87"]
[EventDate "2004.09.04"]
[EventType "swiss"]
[EventRounds "9"]
[EventCountry "GER"]
[SourceTitle "EXT 2005"]
[Source "ChessBase"]
[SourceDate "2004.11.15"]
[SourceVersion "1"]
[SourceVersionDate "2004.11.15"]
[SourceQuality "1"]

1. e4 d5 2. exd5 Qxd5 3. Nc3 Qa5 4. d3 c6 5. Bd2 Qc7 6. Be2 Bf5 7. Nf3 e6 8. 0-0 Bd6 9. Re1 Nf6 10. g3 Nbd7 11. Nh4 Bh3 12. Bf3 h6 13. Ne4 Nxe4 14. Bxe4 0-0-0 15. Bg2 Bxg2 16. Nxg2 g5 17. Qg4 Ne5 18. Qe2 g4 19. Nh4 Rdg8 20. Bc3 Rg5 21. d4 Ng6 22. Nxg6 Rxg6 23. d5 Rhg8 24. dxc6 Qxc6 25. Qe4 Qc7 26. Re2 f5 27. Qa4 Kb8 28. Rae1 Qf7 29. Be5 Bxe5 30. Rxe5 Rf6 31. Qf4 Ka8 32. Rd1 Rc8 33. c3 Rg6 34. Rd4 h5 35. Qd2 Qf8 36. Qe2 Qf7 37. Rd6 Re8 38. Qb5 Rg7 39. Qe2 Rg6 40. Qe3 Rf6 41. Qd2 Qg8 42. Rd7 Ref8 43. Qe2 Kb8 44. Rb5 1-0

[Event "GER-chA Seniors 16th"]
[Site "Templin"]
[Date "2004.09.04"]
[Round "1"]
[White "Bartle, Georg"]
[Black "Ophoff, Rigobert"]
[Result "1/2-1/2"]
[WhiteElo "1567"]
[BlackElo "1854"]
[PlyCount "40"]
[EventDate "2004.09.04"]
[EventType "swiss"]
[EventRounds "9"]
[EventCountry "GER"]
[SourceTitle "EXT 2005"]
[Source "ChessBase"]
[SourceDate "2004.11.15"]
[SourceVersion "1"]
[SourceVersionDate "2004.11.15"]
[SourceQuality "1"]

1. b4 Nf6 2. Bb2 g6 3. c4 Bg7 4. e3 0-0 5. Nf3 d6 6. Be2 e5 7. d4 Nbd7 8. 0-0 c6 9. dxe5 Ng4 10. Nbd2 dxe5 11. Qb3 Qc7 12. Ne4 Ngf6 13. Nfd2 Nxe4 14. Nxe4 b6 15. Rad1 c5 16. a3 Bb7 17. Nd6 Rad8 18. Nxb7 Qxb7 19. Rd6 Qc7 20. Rfd1 Nb8 1/2-1/2